| 000 | 00517nam a2200157Ia 4500 | ||
|---|---|---|---|
| 008 | 230907s9999||||xx |||||||||||||| ||und|| | ||
| 082 |
_a620.5 _bAWA |
||
| 100 |
_aMuhammad Awais Mahboob (00000117685) _9116384 |
||
| 245 | 0 | _aFabrication of carbon nano materials based counter electrode for dye sensitized solar cells / | |
| 260 |
_aIslamabad : _bUSPCAS-E, NUST, _c2018 |
||
| 300 | _axi,112+9 p.: | ||
| 520 | _aTH-101 | ||
| 650 | _aMS-ESE Thesis MS Thesis | ||
| 700 |
_aDr Nadia Shahzad _9117122 |
||
| 942 |
_cTHE _2ddc |
||
| 999 |
_c601780 _d601780 |
||